Artificial Intelligence : (Record no. 14981)

MARC details
000 -LEADER
fixed length control field 01551nac a22002531u 4500
008 - FIXED-LENGTH DATA ELEMENTS--GENERAL INFORMATION
fixed length control field 110310s2010 nju|||||r|||| 001 0 eng d
010 ## - LIBRARY OF CONGRESS CONTROL NUMBER
LC control number 2003269366
020 ## - INTERNATIONAL STANDARD BOOK NUMBER
International Standard Book Number 0132071487
020 ## - INTERNATIONAL STANDARD BOOK NUMBER
International Standard Book Number 9780132071482
082 00 - DEWEY DECIMAL CLASSIFICATION NUMBER
Classification number 006.3
Item number RUS
100 ## - MAIN ENTRY--PERSONAL NAME
Personal name Russell, Stuart J.
9 (RLIN) 22470
245 10 - TITLE STATEMENT
Title Artificial Intelligence :
Remainder of title A Modern Approach /
Statement of responsibility, etc Stuart J. Russell and Peter Norvig ; contributing writers, John F. Canny ... [et al.].
250 ## - EDITION STATEMENT
Edition statement 3rd ed.
260 ## - PUBLICATION, DISTRIBUTION, ETC. (IMPRINT)
Place of publication, distribution, etc Upper Saddle River, N.J. :
Name of publisher, distributor, etc Prentice Hall/Pearson Education, 2010
Date of publication, distribution, etc 2010
300 ## - PHYSICAL DESCRIPTION
Extent xxviii, 1132 p. :
Other physical details ill. ;
Dimensions 27 cm.
504 ## - BIBLIOGRAPHY, ETC. NOTE
Bibliography, etc Includes bibliographical references (p. 1063-1094) and index.
650 #0 - SUBJECT ADDED ENTRY--TOPICAL TERM
Topical term or geographic name as entry element Artificial intelligence.
9 (RLIN) 22471
700 1# - ADDED ENTRY--PERSONAL NAME
Personal name Norvig, Peter.
9 (RLIN) 22472
942 ## - ADDED ENTRY ELEMENTS (KOHA)
Item type Book - Borrowing
Call number prefix 006.3 RUS
Source of classification or shelving scheme Dewey Decimal Classification
Holdings
Withdrawn status Item status Source of classification or shelving scheme Damaged status Not for loan Vendor Home library Current library Shelving location Date acquired Total Checkouts Total Renewals Full call number Barcode Date last seen Date last borrowed Koha item type Materials specified (bound volume or other part) Source of acquisition
    Dewey Decimal Classification     Baccah Central Library Central Library Lower Floor 10/03/2011 5 38 006.3 RUS 000022843 15/07/2025 15/10/2024 Book - Borrowing    
    Dewey Decimal Classification     Baccah Central Library Central Library Lower Floor 10/03/2011 11 66 006.3 RUS 000022844 24/08/2022 25/05/2017 NB - Book (Non borrowing)    
  Lost Dewey Decimal Classification     Baccah Central Library Central Library Lower Floor 10/03/2011 5 17 006.3 RUS 000022845 04/12/2023 24/04/2021 Book - Borrowing Lost_In_Inventory_12-2-2024  
    Dewey Decimal Classification     Baccah Central Library Central Library Lower Floor 10/03/2011 7 49 006.3 RUS 000022846 15/07/2025 23/03/2014 Book - Borrowing